Ciencias sociales 8 /
Guardado en:
| Autor Principal: | |
|---|---|
| Otros Autores: | , , |
| Formato: | Libro |
| Publicado: |
Buenos Aires :
Santillana ,
2001
|
| Series: | Serie Claves
|
| Materias: | |
| Etiquetas: |
Agregar Etiqueta
Sin Etiquetas, Sea el primero en etiquetar este registro!
|
| LEADER | 02264nam a22003015a 4500 | ||
|---|---|---|---|
| 001 | CEM.cems010595 | ||
| 005 | 20080228091848.0 | ||
| 008 | 130507s2001##################000#0#####d | ||
| 003 | CEMS | ||
| 020 | |a 9504609198 | ||
| 082 | 0 | 4 | |a Z302 |
| 100 | 1 | |a Bertoncello, Rodolfo | |
| 245 | 1 | 0 | |a Ciencias sociales 8 / |c Bertoncello, Rodolfo ... [et Al.] |
| 260 | |a Buenos Aires : |b Santillana , |c 2001 | ||
| 300 | |a 432 p. | ||
| 490 | 0 | |a Serie Claves | |
| 500 | |a Para 8°año Egb | ||
| 505 | 0 | |a América: sus lugares y su gente -- Las bases naturales -- América latina y sus habitantes -- América latina: sus recursos, ambientes y problemáticas -- América latina: trabajo y condiciones de vida -- América latina: una mirada a sus lugares -- América anglosajona y sus habitantes -- América anglosajona: recursos, ambientes y problemáticas -- Estados Unidos y Canadá: trabajo y condiciones de vida -- Estados Unidos y Canadá: una mirada a sus lugares -- Riesgos y vulnerabilidades de las sociedades americanas -- América en el mundo actual -- La crisis del feudalismo -- El Renacimiento -- Desarrollo europeo y expansión ultramarina -- Imperios y monarquías en el siglo XVI -- América y Europa: encuentro y conquista -- Los imperios coloniales en América -- El absolutismo: el esplendor y sus límites -- La vida social y económica en el siglo XVII -- La ilustración: renovación política e intelectual -- La Revolución Industrial -- La Revolución francesa -- Tiempo de revoluciones en América -- La Restauración monárquica en Europa -- La Europa victoriana -- Los nuevos estados americanos -- Los adolescentes, la escuela y la comunidad -- La cultura y los medios de comunicación -- Democracia y ciudadanía -- Los Derechos Humanos -- | |
| 653 | |a Ciencias sociales-8º egb | ||
| 653 | |a Geografía de américa | ||
| 653 | |a Historia-8º egb | ||
| 653 | |a Formación etica y ciudadana-8º egb | ||
| 700 | 1 | |a Castro, Hortensia | |
| 700 | 1 | |a Privitellio, Luciano de | |
| 700 | 1 | |a Montenegro, Silvina I. | |
| 859 | |a CEMS |b BIB. CEMS - 11 de abril |h Z302 |i B462-1 |p 21147.01 |t Ej.1 |v 8º |3 8º | ||
| 859 | |a CEMS |b BIB. CEMS - 11 de abril |h Z302 |i B462-1 |p 21201.01 |t Ej.2 |v 8º |3 8º | ||
| 859 | |a CEMS |b BIB. CEMS - 11 de abril |h Z302 |i B462-1 |p 21202.01 |t Ej.3 |v 8º |3 8º | ||
